000 00840nam a22002177a 4500
999 _c145322
_d145322
005 20230706122926.0
010 _a1718EN-30 B-682124-128 ENG-137305
020 _a9789382711766
_c495.00
035 _aB-682124-128 EN-120837
037 _bPragati
_adpl
037 _bDBAD/PUB
082 _a327.540547
100 _aPuniyani, Ram
245 _aPartition, Indo-Pak relations and Kashmir /
_cby Ram Puniyani
260 _aNew Delhi
_bVitasta Pub.
_c2017
270 _a2/15, Ansari Road, Daryaganj,
_bNew Delhi
_e110002
300 _a182p.
_c23cm(Hb)
500 _aIncludes bibliographical and reference
942 _2ddc
_cEN
_mPUN
_h327.540547